| 000 | 00883 a2200229 4500 | ||
|---|---|---|---|
| 020 | _a047144474X | ||
| 040 |
_aDLC _bDLC |
||
| 082 | 0 | 0 | _a621.38132 |
| 100 | 1 | _aChang, Kai. | |
| 245 | 1 | 0 |
_aMicrowave ring circuits and related structures _cKai Chang, Lung-Hwa Hsieh. |
| 250 | _a2nd ed. | ||
| 260 |
_aHoboken, N.J. : _bJ. Wiley, _cc2004. |
||
| 300 |
_axii, 365 p. : _bill. ; _c25 cm. |
||
| 440 | 0 | _aWiley series in microwave and optical engineering | |
| 650 | 0 | _aMicrowave circuits. | |
| 650 | 0 | _aMicrowave antennas. | |
| 700 | 1 | _aHsieh, Lung-Hwa. | |
| 856 | 4 | 2 |
_3Contributor biographical information _uhttp://www.loc.gov/catdir/bios/wiley046/2003056885.html |
| 856 | 4 | 2 |
_3Publisher description _uhttp://www.loc.gov/catdir/description/wiley041/2003056885.html |
| 856 | 4 | 2 |
_3Table of contents _uhttp://www.loc.gov/catdir/toc/wiley041/2003056885.html |
| 942 |
_cBK _k621.38132 CHA _2ddc |
||
| 999 |
_c8038 _d8038 |
||